| 000 | 00536nam a2200157Ia 4500 | ||
|---|---|---|---|
| 003 | GCL | ||
| 008 | 140319s9999 xx 000 0 ara d | ||
| 040 |
_aGCL / _cGCL |
||
| 082 | 0 | 4 |
_aد _b050 _bد هـ |
| 245 | 1 | 0 | _aلص بغداد وغزو العراق ( الهلال مايو 2003 ) |
| 260 |
_aالقاهرة : _bدار الهلال للطباعة والنشر ، _c2003 |
||
| 650 | 0 | 4 | _aالشعر العربى |
| 650 | 0 | 4 | _aالتاريخ العربى |
| 650 | 0 | 4 | _aالعراق - تاريخ -العصر الحديث |
| 942 |
_2ddc _cCR |
||
| 999 |
_c6658 _d6658 |
||